000 00892pam a2200265 a 4500
008
020 _a0834208156 (pbk.)
049 _aMAIN
050 1 0 _aRA645.3
_bCLI
245 0 0 _aClinical guidelines diagnosis and treatment manual :
_b for curative programmes in hospitals and dispensaries guidance for prescribing /
_cedited by L. Blok...[et...al]
250 _a7th. ed.
260 _aFrance :
_bMedins Sans Frontieres,
_c2007
300 _a342 p. :
_bill. ;
_c21 cm.
500 _aIncludes index.
650 0 _aHome care services.
650 0 _aManaged care plans (Medical care)
650 1 2 _aHome Care Services
_zUnited States.
650 2 2 _aManaged Care Programs
_zUnited States
700 _aEditorial Committe
907 _a.b1027554x
_b09-02-12
_c15-03-10
003
005 20230120204028.0
040 _cNUST
942 _cBOOKS
999 _c115834
_d115834